New wayleave payment rates (Record no. 69774)
[ view plain ]
| 000 -LEADER | |
|---|---|
| fixed length control field | 00766cam a2200205 4500 |
| 001 - CONTROL NUMBER | |
| control field | WB3810-26 |
| 008 - FIXED-LENGTH DATA ELEMENTS--GENERAL INFORMATION | |
| fixed length control field | 020313n2002 000 0 eng u |
| 035 ## - SYSTEM CONTROL NUMBER | |
| System control number | (Sirsi) u117120 |
| 245 ## - TITLE STATEMENT | |
| Title | New wayleave payment rates |
| 260 ## - PUBLICATION, DISTRIBUTION, ETC. | |
| Date of publication, distribution, etc. | 2002 |
| 490 ## - SERIES STATEMENT | |
| Series statement | Estates and Wayleaves Forum Press Release |
| Volume/sequential designation | 8 March 2002, (4) |
| 520 ## - SUMMARY, ETC. | |
| Summary, etc. | Wayleave payment rates for the period 1 April 2002 to 31 March 2003 have been announced after extensive re-assessment. Wayleave payments comprise two elements divided between landowners and occupiers -owner/occupiers receive both payments. |
| 590 ## - LOCAL NOTE (RLIN) | |
| Local note | WB |
| 650 ## - SUBJECT ADDED ENTRY--TOPICAL TERM | |
| Topical term or geographic name entry element | WAYLEAVE PAYMENTS |
| 650 ## - SUBJECT ADDED ENTRY--TOPICAL TERM | |
| Topical term or geographic name entry element | WAYLEAVE RATES |
| 650 ## - SUBJECT ADDED ENTRY--TOPICAL TERM | |
| Topical term or geographic name entry element | ELECTRICITY WAYLEAVES |
| 650 ## - SUBJECT ADDED ENTRY--TOPICAL TERM | |
| Topical term or geographic name entry element | ELECTRICITY INDUSTRY |
| 690 ## - LOCAL SUBJECT ADDED ENTRY--TOPICAL TERM (OCLC, RLIN) | |
| Topical term or geographic name as entry element | Rural |
| 9 (RLIN) | 6268 |
| 942 ## - ADDED ENTRY ELEMENTS (KOHA) | |
| Suppress in OPAC | 0 |
| Withdrawn status | Lost status | Source of classification or shelving scheme | Damaged status | Not for loan | Home library | Current library | Shelving location | Date acquired | Total Checkouts | Full call number | Barcode | Date last seen | Copy number | Price effective from | Koha item type |
|---|---|---|---|---|---|---|---|---|---|---|---|---|---|---|---|
| Dewey Decimal Classification | London | London | News article | 13/03/2002 | WB3810-26 | 117120-1001 | 06/08/2019 | 1 | 06/08/2019 | News article |